| 000 | 00477nam a2200157 a 4500 | ||
|---|---|---|---|
| 001 | 000030761 | ||
| 005 | 20200930062508.0 | ||
| 008 | 110527s20uu dr c 000 0 spa d | ||
| 040 |
_aDO-SdBNP _bspa _cBNPHU |
||
| 100 | 1 |
_aRosa, Silvano de la _d1984- _926769 |
|
| 245 | 1 | 3 |
_aUn padre muere del sida / _cSilvano de la Rosa. |
| 260 |
_a[Santo Domingo] : _b[s.n.], _c[200?]. |
||
| 300 |
_a28 p. : _bretrs. ; _c22 cm. |
||
| 500 | _aIncluye datos biográficos del autor | ||
| 049 | _aBNPD | ||
| 999 |
_c30253 _d30253 |
||